| 000 | 00637pam a2200193 a 4500 | ||
|---|---|---|---|
| 020 | _a0471542601 (acidfree paper) | ||
| 082 | 0 | 0 |
_a658.15 _bYOU _cL-17, P-27 |
| 100 | 1 |
_aYoung, D. _98971 |
|
| 245 | 1 | 0 |
_aModern engineering economy / _cDonovan Young. |
| 260 |
_aNew York : _bJ. Wiley, _cc1993. |
||
| 300 |
_axvi, 563 p. : _bill. ; _c26 cm. |
||
| 500 | _aIncludes index. | ||
| 526 |
_a0 _b0 _c0 _d658_150000000000000_YOU |
||
| 650 | 0 | _aEngineering economy. | |
| 650 | 0 |
_aMCE _9379 |
|
| 856 | 4 | _uhttp://www.loc.gov/catdir/toc/onix03/92027307.html | |
| 856 | 4 | 2 | _uhttp://www.loc.gov/catdir/description/wiley037/92027307.html |
| 942 |
_2ddc _cBK |
||
| 999 |
_c548350 _d548350 |
||